<?xml version="1.0" encoding="UTF-8"?>
<collection xmlns="http://www.loc.gov/MARC21/slim">
 <record>
  <leader>01826nam a2200241Ia 4500</leader>
  <controlfield tag="001">TDMU_20633</controlfield>
  <controlfield tag="008">210410s9999    xx            000 0 und d</controlfield>
  <datafield tag="082" ind1=" " ind2=" ">
   <subfield code="a">959.703092</subfield>
  </datafield>
  <datafield tag="090" ind1=" " ind2=" ">
   <subfield code="b">V500</subfield>
  </datafield>
  <datafield tag="100" ind1=" " ind2=" ">
   <subfield code="a">Vũ, Thanh Sơn</subfield>
  </datafield>
  <datafield tag="245" ind1=" " ind2="0">
   <subfield code="a">Nhân vật lịch sử Việt Nam cuối thể kỷ XIX đầu thế kỷ XX</subfield>
  </datafield>
  <datafield tag="245" ind1=" " ind2="0">
   <subfield code="b">Sách tham khảo</subfield>
  </datafield>
  <datafield tag="245" ind1=" " ind2="0">
   <subfield code="c">Vũ Thanh Sơn</subfield>
  </datafield>
  <datafield tag="245" ind1=" " ind2="0">
   <subfield code="n">Quyển 14</subfield>
  </datafield>
  <datafield tag="245" ind1=" " ind2="0">
   <subfield code="p">Từ Duy Tân hội chuyển thành Việt Nam Quang Phục hội</subfield>
  </datafield>
  <datafield tag="260" ind1=" " ind2=" ">
   <subfield code="a">H.</subfield>
  </datafield>
  <datafield tag="260" ind1=" " ind2=" ">
   <subfield code="b">Quân đội Nhân Dân</subfield>
  </datafield>
  <datafield tag="260" ind1=" " ind2=" ">
   <subfield code="c">2013</subfield>
  </datafield>
  <datafield tag="300" ind1=" " ind2=" ">
   <subfield code="a">155 tr.</subfield>
  </datafield>
  <datafield tag="520" ind1=" " ind2=" ">
   <subfield code="a">TM tài liệu tham khảo tr. 152-154; Tập hợp giới thiệu về những lãnh tụ, vị thủ lĩnh, những người có đóng góp cho các phong trào kháng chiến như: Hoàng Trọng Mậu, Nguyễn Thần Hiến, Kỳ Ngoại hầu Cường Để, Đặng Tử Kính, Đặng Bình Thành, Lam Quảng Trung, Nguyễn Thức Đường (Trần Hữu Lực), Đặng Tử Mẫn, Mai Lão Bạng, Trần Thị Trâm...</subfield>
  </datafield>
  <datafield tag="650" ind1=" " ind2=" ">
   <subfield code="a">Lịch sử Việt Nam</subfield>
   <subfield code="x">Nhân vật</subfield>
   <subfield code="x">Kháng chiến chống Pháp</subfield>
   <subfield code="y">Cuối thế kỷ XIX đầu thế kỷ XX</subfield>
   <subfield code="v">Sách tham khảo; Nhân vật lịch sử</subfield>
   <subfield code="x">Kháng chiến chống Pháp</subfield>
   <subfield code="y">Cuối thế kỷ XIX đầu thế kỷ XX</subfield>
   <subfield code="v">Sách tham khảo; Kháng chiến chống Pháp</subfield>
   <subfield code="z">Việt Nam</subfield>
   <subfield code="y">Cuối thế kỷ XIX đầu thế kỷ XX</subfield>
   <subfield code="v">Sách tham khảo; Lịch sử cận đại</subfield>
   <subfield code="x">Nhân vật lịch sử</subfield>
   <subfield code="x">Việt Nam Quang Phục hội</subfield>
   <subfield code="z">Việt Nam</subfield>
  </datafield>
  <datafield tag="856" ind1=" " ind2=" ">
   <subfield code="u">http://lrc.tdmu.edu.vn/opac/search/detail.asp?aID=2&amp;ID=20633</subfield>
  </datafield>
  <datafield tag="980" ind1=" " ind2=" ">
   <subfield code="a">Trung tâm Học liệu Trường Đại học Thủ Dầu Một</subfield>
  </datafield>
 </record>
</collection>
